[Event "AUTO-ADV-4913"]
[Site "http://www.queenalice.com/game.php?id=1868166"]
[Date "2026.1.19"]
[Round "1"]
[White "pomar"]
[Black "SGF"]
[Result "1-0"]
[WhiteElo "1878"]
[BlackElo "1772"]

1. f3 e5 2. Kf2 Qf6 3. c4 e4 4. Nc3 exf3 5. Nxf3 g5 6. h3 h5 7. Nd5 Qc6 8. Nxg5
Nf6 9. Nxf6+ Qxf6+ 10. Nf3 Bc5+ 11. d4 Bxd4+ 12. Qxd4 Qxd4+ 13. Nxd4 Nc6 14. Nb5
Kd8 15. Bg5+ Ne7 16. Bxe7+ Kxe7 17. Nxc7 Rb8 18. e3 Kd8 19. Nb5 a6 20. Nd6 Ke7
21. Nf5+ Kf6 22. Bd3 h4 23. Rhf1 Ke6 24. Kg1 d6 25. Rf4 Ke5 26. Nxh4 Ke6 27. Nf3
b5 28. Ng5+ Ke7 29. Rxf7+ Ke8 30. cxb5 axb5 31. Bg6 Kd8 32. Rg7 Rf8 33. Nf7+ Ke7
34. Nh6+ Kf6 35. Rf7+ Rxf7 36. Bxf7 b4 37. Nf5 Bxf5 38. g4 Bxg4 39. hxg4 Kxf7
40. Rf1+ Kg6 41. Kg2 Rc8 42. a3 Rc2+ 43. Rf2 b3 44. a4 Kg5 45. Kg3 Rxf2 46. Kxf2
Kxg4 47. a5 Kf5 48. a6 Ke4 49. Ke2 d5 50. a7 d4 51. a8=Q+ Ke5 52. exd4+ Kxd4 53.
Qc6 Ke5 54. Ke3 Kf5 55. Qd5+ Kg4 56. Qxb3 Kg3 57. Qc4 Kg2 58. Qg4+ Kh2 59. Kf2
Kh1 60. Qh3# 1-0

[Event "AUTO-ADV-4913"]
[Site "http://www.queenalice.com/game.php?id=1868167"]
[Date "2026.1.19"]
[Round "1"]
[White "SGF"]
[Black "pomar"]
[Result "1-0"]
[WhiteElo "1732"]
[BlackElo "1894"]

1. e4 e6 2. Qf3 c5 3. Bc4 a6 4. a4 Nc6 5. d3 Ne5 6. Qg3 Nxc4 7. dxc4 Nf6 8. Bg5
Qa5+ 9. c3 Nxe4 10. Qe3 Nxg5 11. Qxg5 f6 12. Qh5+ g6 13. Qe2 Bg7 14. Nd2 O-O 15.
Ngf3 d6 16. Ne4 d5 17. Nd6 Rd8 18. Nxc8 Raxc8 19. Qxe6+ Kh8 20. O-O f5 21. cxd5
b5 22. Ng5 Bxc3 23. bxc3 Qxc3 24. Nf7+ Kg7 25. Nxd8 Ra8 26. axb5 a5 27. b6 Rxd8
28. Qe7+ Kh6 29. Qxd8 c4 30. b7 1-0

[Event "AUTO-ADV-4913"]
[Site "http://www.queenalice.com/game.php?id=1868168"]
[Date "2026.1.19"]
[Round "1"]
[White "pomar"]
[Black "Daniel1962"]
[Result "1-0"]
[WhiteElo "1898"]
[BlackElo "1798"]

1. f3 e5 2. Kf2 Bc5+ 3. e3 Qh4+ 4. g3 Qf6 5. c4 e4 6. Nc3 exf3 7. Nxf3 Nc6 8. d4
Bb4 9. Nd5 Qd6 10. a3 Ba5 11. b4 Bb6 12. Nc3 Bxd4 13. exd4 b6 14. c5 bxc5 15.
Bf4 Qf6 16. Nd5 Qd8 17. Nxc7+ Kf8 18. Nxa8 d6 19. dxc5 Bb7 20. Qxd6+ Qxd6 21.
Bxd6+ Nge7 22. Nc7 h5 23. Nd5 f5 24. Re1 Kf7 25. Nxe7 Nxe7 26. Rxe7+ Kf6 27.
Rxb7 g5 28. Be5+ 1-0

[Event "AUTO-ADV-4913"]
[Site "http://www.queenalice.com/game.php?id=1868169"]
[Date "2026.1.19"]
[Round "1"]
[White "Daniel1962"]
[Black "pomar"]
[Result "0-1"]
[WhiteElo "1765"]
[BlackElo "1890"]

1. e4 e6 2. d4 d5 3. e5 c5 4. Nf3 Qb6 5. c3 Nc6 6. Nbd2 cxd4 7. cxd4 Nxd4 8.
Nxd4 Qxd4 9. Qe2 Bd7 10. Nb3 Bb4+ 11. Bd2 Bxd2+ 12. Qxd2 Qxe5+ 13. Be2 Nf6 14.
Nc5 Bc6 15. O-O Ne4 16. Nxe4 Qxe4 17. f3 Qg6 18. a4 O-O 19. b4 a6 20. Bd3 Qf6
21. Qc2 Qd4+ 22. Kh1 h6 23. Rfd1 Qxb4 24. h3 Rac8 25. Re1 Bd7 26. Qf2 Rc3 27.
Reb1 Rb3 28. Rxb3 Qxb3 29. Qe3 Bxa4 30. Rb1 Qa2 31. Rxb7 a5 32. Qc5 Bb3 33. Qb6
a4 34. Rb8 Qa3 35. Kh2 Bd1 36. Rxf8+ Qxf8 37. Qa5 a3 38. f4 g6 39. g4 Bb3 40. f5
gxf5 41. Bxf5 exf5 42. gxf5 a2 43. Qc3 Bc4 44. Qg3+ Qg7 45. Qb8+ Kh7 0-1

[Event "AUTO-ADV-4919"]
[Site "http://www.queenalice.com/game.php?id=1869308"]
[Date "2026.2.15"]
[Round "1"]
[White "Daniel1962"]
[Black "pomar"]
[Result "0-1"]
[WhiteElo "1731"]
[BlackElo "1917"]

1. g3 e6 2. Bg2 d5 3. Nf3 c5 4. c3 Qb6 5. Ne5 Nc6 6. Nxc6 bxc6 7. O-O Ba6 8. d3
c4 9. d4 c5 10. dxc5 Bxc5 11. e3 Ne7 12. Qg4 O-O 13. Nd2 Bc8 14. e4 Bb7 15. exd5
Bxd5 16. Bxd5 exd5 17. Nf3 Rfe8 18. Ne5 Bd6 19. Bh6 Bxe5 20. Bc1 f5 21. Qe2 Ng6
22. Qh5 Ne7 23. Re1 Qg6 24. Qf3 Qf6 25. h4 h6 26. Bf4 Bxf4 27. Qxf4 Ng6 28. Qf3
Re5 29. Qh5 Rae8 30. Rxe5 Rxe5 31. Qd1 f4 32. Qa4 Qe7 33. Qc6 Nxh4 34. gxh4 Qxh4
35. Qa8+ Kh7 36. Qxa7 Rg5+ 37. Kf1 Qh1+ 38. Ke2 f3+ 39. Ke3 Re5+ 40. Kd4 Qxa1
41. Kxe5 Qxb2 42. a4 Qxc3+ 43. Kxd5 Qd3+ 44. Ke6 c3 45. Kf7 c2 46. Qb8 Qf5+ 47.
Ke7 c1=Q 0-1

[Event "AUTO-ADV-4919"]
[Site "http://www.queenalice.com/game.php?id=1869309"]
[Date "2026.2.15"]
[Round "1"]
[White "pomar"]
[Black "Daniel1962"]
[Result "1/2-1/2"]
[WhiteElo "1956"]
[BlackElo "1722"]

1. f3 e5 2. Kf2 Nc6 3. e3 Bc5 4. c4 f5 5. Nc3 f4 6. g3 fxg3+ 7. hxg3 Nge7 8. Bh3
d6 9. Kg2 Bxh3+ 10. Nxh3 h6 11. Nf2 Nf5 12. f4 exf4 13. exf4 Qf6 14. Re1+ Nce7
15. Nd5 Qg6 16. Qf3 Nh4+ 17. Kh3 Nxf3 18. Rxe7+ Kd8 19. Ne4 Qh5+ 20. Kg2 Bg1 21.
Rxc7 Re8 22. d3 g5 23. Rxb7 g4 24. Kf1 Qh3+ 25. Ke2 Qg2+ 26. Kd1 Qf1+ 27. Kc2
Nd4+ 28. Kc3 Qe1+ 29. Nd2 Ne2+ 30. Kb4 Nxc1 31. Kc3 Ne2+ 32. Kc2 Qxa1 33. Ne4
Qc1+ 34. Kb3 Qd1+ 35. Kb4 a5+ 36. Kb5 Qxd3 37. Nxd6 Nd4+ 38. Kb6 Qg6 39. c5 Qd3
40. Nf7+ Kc8 41. Rc7+ Kb8 42. Rb7+ 1/2-1/2

[Event "AUTO-ADV-4919"]
[Site "http://www.queenalice.com/game.php?id=1869324"]
[Date "2026.2.15"]
[Round "1"]
[White "Capixabba789"]
[Black "pomar"]
[Result "0-1"]
[WhiteElo "1841"]
[BlackElo "1886"]

1. d4 e6 2. e4 d5 3. exd5 exd5 4. Nc3 Bb4 5. Bd2 c6 6. Nf3 Nf6 7. Bd3 O-O 8. O-O
Bg4 9. Be2 Nbd7 10. a3 Ba5 11. Ne5 Bxe2 12. Qxe2 Re8 13. f4 Bxc3 14. Bxc3 Ne4
15. Qf3 f6 16. Ng4 Nb6 17. Qg3 Nxg3 0-1

[Event "AUTO-ADV-4919"]
[Site "http://www.queenalice.com/game.php?id=1869325"]
[Date "2026.2.15"]
[Round "1"]
[White "pomar"]
[Black "Capixabba789"]
[Result "1/2-1/2"]
[WhiteElo "1942"]
[BlackElo "1823"]

1. f3 e5 2. Kf2 d5 3. e3 Nf6 4. d4 exd4 5. exd4 Bd6 6. g3 O-O 7. Nc3 Nc6 8. Bh3
Re8 9. Bxc8 Qxc8 10. Kg2 Qf5 11. Nh3 Re7 12. Bf4 Rae8 13. Bxd6 cxd6 14. Qd2 Nb4
15. Rac1 Nxa2 16. Nxa2 Re2+ 17. Qxe2 Rxe2+ 18. Nf2 h6 19. Nb4 Ne4 20. Rhf1 Rxf2+
21. Rxf2 Nxf2 22. Kxf2 Qf6 23. c3 Qe6 24. Re1 Qf5 25. g4 Qf4 26. Kg2 Qd2+ 27.
Kf1 Qxh2 28. Re2 Qh1+ 29. Kf2 Qh2+ 30. Ke3 Qg3 31. Nxd5 Qg1+ 32. Ke4 Qb1+ 33.
Kf4 a5 34. g5 hxg5+ 35. Kxg5 a4 36. Ne7+ Kf8 37. Nf5 Qg1+ 38. Kf4 Qc1+ 39. Kg4
f6 40. Nxd6 Qg5+ 41. Kh3 Qh5+ 42. Kg3 Qg5+ 43. Kh3 1/2-1/2

[Event "AUTO-ADV-4919"]
[Site "http://www.queenalice.com/game.php?id=1869336"]
[Date "2026.2.15"]
[Round "1"]
[White "pomar"]
[Black "Shizumaru_Hisame"]
[Result "1-0"]
[WhiteElo "1932"]
[BlackElo "1947"]

1. f3 e5 2. Kf2 d5 3. e3 f5 4. d4 e4 5. g3 g5 6. Nc3 Nf6 7. h3 h5 8. Kg2 exf3+
9. Nxf3 h4 10. Nxg5 hxg3 11. Qf3 Rg8 12. Qxg3 Bh6 13. h4 Nh7 14. e4 Nxg5 15.
hxg5 Bxg5 16. Kf2 dxe4 17. Qe5+ Be7 18. Rh8 Rxh8 19. Qxh8+ Bf8 20. Qh5+ Kd7 21.
Qxf5+ Kc6 22. Qxe4+ Kb6 23. Nd5+ Ka5 24. b4+ Bxb4 25. Nxb4 Kxb4 26. d5+ Kc5 27.
Ba3+ Kb6 28. Qb4# 1-0

[Event "AUTO-OPEN-4639"]
[Site "http://www.queenalice.com/game.php?id=1869409"]
[Date "2026.2.18"]
[Round "1"]
[White "pomar"]
[Black "EduardoRo"]
[Result "0-1"]
[WhiteElo "1934"]
[BlackElo "1115"]

1. f3 e5 2. Kf2 Nc6 3. e3 Bc5 4. Bb5 Nge7 5. Ne2 a6 6. Bc4 b5 7. Bb3 O-O 8. Nbc3
d6 9. Ne4 Nf5 10. N2g3 Qh4 11. Nxc5 a5 12. Ne4 Bb7 13. Bd5 Ra6 14. Kg1 Bc8 15.
d3 Nce7 16. Nxf5 Nxf5 17. g3 Qh5 18. h3 Qg6 19. Kf2 c6 20. Nxd6 Qxg3+ 21. Kf1
Nxd6 22. Be4 f5 23. Bxc6 Rxc6 24. Bd2 e4 25. f4 Bb7 26. Bxa5 Qxe3 27. Bd2 Qg3
28. Qe2 Rxc2 29. Qe1 e3 30. Qxe3 Qxe3 31. Bxe3 Bxh1 32. Kg1 Bf3 33. Bf2 Rxb2 34.
Bc5 Rd8 35. d4 Rg2+ 36. Kf1 Ne4 37. a3 Nd2+ 38. Ke1 Re8+ 0-1

[Event "AUTO-OPEN-4639"]
[Site "http://www.queenalice.com/game.php?id=1869410"]
[Date "2026.2.18"]
[Round "1"]
[White "EduardoRo"]
[Black "pomar"]
[Result "0-1"]
[WhiteElo "1089"]
[BlackElo "1937"]

1. e4 e6 2. Nf3 d5 3. e5 c5 4. Bb5+ Nc6 5. O-O Bd7 6. d4 Nxe5 7. Bxd7+ Nxd7 8.
Bg5 f6 9. Be3 c4 10. c3 b5 11. Na3 b4 12. cxb4 Bxb4 13. Nb5 Qb6 14. Nc3 Bxc3 15.
bxc3 Ne7 16. Nh4 O-O 17. Qg4 Rab8 18. Bh6 Rf7 19. h3 Kh8 20. Bf4 f5 21. Qg5 Nf6
22. Bxb8 Qxb8 23. a4 Ne4 24. Qe3 g5 25. Nf3 g4 26. Rab1 Qg8 27. h4 gxf3 28. Qxf3
Nd2 29. Qe2 Nxb1 30. Rxb1 Rg7 31. Rb7 Rxg2+ 0-1

[Event "AUTO-OPEN-4639"]
[Site "http://www.queenalice.com/game.php?id=1869411"]
[Date "2026.2.18"]
[Round "1"]
[White "pomar"]
[Black "SGF"]
[Result "1-0"]
[WhiteElo "1931"]
[BlackElo "1799"]

1. f3 e5 2. Kf2 Qf6 3. e3 e4 4. g3 exf3 5. Qxf3 Qxf3+ 6. Nxf3 f6 7. Bh3 g5 8.
Rf1 h5 9. Bf5 g4 10. Nh4 Ne7 11. Kg1 Nd5 12. Bg6+ Ke7 13. e4 Nb4 14. Na3 a6 15.
d4 N8c6 16. Bd2 Kd8 17. c3 Nd3 18. Rxf6 Nxb2 19. Raf1 Be7 20. Rf7 Nd3 21. Nf5 b5
22. Nxe7 Re8 23. Nxc6+ dxc6 24. Bg5+ Re7 25. Bxe7+ Kd7 26. Bc5+ Ke6 27. Re7# 1-0

[Event "AUTO-OPEN-4639"]
[Site "http://www.queenalice.com/game.php?id=1869412"]
[Date "2026.2.18"]
[Round "1"]
[White "SGF"]
[Black "pomar"]
[Result "0-1"]
[WhiteElo "1729"]
[BlackElo "1949"]

1. e4 e6 2. Qf3 d5 3. exd5 exd5 4. d4 c6 5. Be2 Nf6 6. Bg5 Be7 7. Bxf6 Bxf6 8.
c3 Nd7 9. Nd2 Nb6 10. a4 a5 11. h4 Bxh4 12. Qh5 Bg5 13. Ndf3 Bf6 14. Ne5 g6 15.
Qh6 Qe7 16. Ngf3 Bf5 17. b3 c5 18. Bb5+ Bd7 19. Bxd7+ Nxd7 20. O-O-O cxd4 21.
Rde1 Qa3+ 22. Kc2 Qa2+ 23. Kd3 Qxb3 24. Nxd4 Nc5+ 25. Kd2 Qb2+ 26. Nc2 Ne4+ 27.
Kd3 Qxc3+ 28. Ke2 Qxc2+ 29. Kf3 Bxe5 30. Qe3 Qxa4 31. Rh4 f5 32. Qb6 Nd2+ 33.
Ke2 Qxh4 34. Kxd2 Qf4+ 35. Re3 Qxf2+ 36. Kd3 Qf1+ 37. Kd2 Qf2+ 38. Kd3 O-O 39.
Qe6+ Kg7 40. Qxe5+ Kh6 41. Rh3+ Kg5 42. Qe3+ Qxe3+ 43. Rxe3 a4 44. Kd4 a3 45.
Re1 a2 46. Ra1 Kg4 47. Kxd5 Kg3 48. Kc4 Kxg2 49. Kb3 f4 50. Rxa2+ Rxa2 51. Kxa2
f3 52. Kb2 f2 53. Kc3 f1=Q 54. Kb4 b5 55. Ka5 Rb8 56. Ka6 Qa1# 0-1

[Event "AUTO-OPEN-4639"]
[Site "http://www.queenalice.com/game.php?id=1869413"]
[Date "2026.2.18"]
[Round "1"]
[White "pomar"]
[Black "bmax"]
[Result "0-1"]
[WhiteElo "1939"]
[BlackElo "2226"]

1. f3 d5 2. Kf2 e5 3. e3 Nf6 4. d4 Nc6 5. Bb5 Bd7 6. g3 e4 7. Nc3 Bb4 8. Nge2
O-O 9. Bd2 exf3 10. Kxf3 Bg4+ 11. Kf2 Bxc3 12. Bxc3 Ne4+ 13. Kg2 Qf6 14. Rf1 Qh6
15. Rf4 Qh3+ 16. Kg1 f5 17. Bxc6 bxc6 18. Bb4 Rf6 19. Qd3 Rh6 20. c4 Qxh2+ 21.
Kf1 Qh1+ 22. Ng1 Nxg3+ 23. Kf2 Qh2+ 24. Ke1 Qxg1+ 25. Rf1 Nxf1 26. Qxf1 Qxe3+
0-1

[Event "AUTO-OPEN-4639"]
[Site "http://www.queenalice.com/game.php?id=1869414"]
[Date "2026.2.18"]
[Round "1"]
[White "bmax"]
[Black "pomar"]
[Result "0-1"]
[WhiteElo "2246"]
[BlackElo "1901"]

1. d4 e6 2. Nf3 d5 3. e3 c5 4. b3 Qb6 5. Bb2 a5 6. a4 Nc6 7. Bb5 Bd7 8. dxc5
Qxc5 9. O-O Nf6 10. Nbd2 Nb4 11. Bxd7+ Nxd7 12. c4 Nd3 13. Bd4 Qb4 14. Ne5 N3xe5
0-1

[Event "AUTO-ADV-4922"]
[Site "http://www.queenalice.com/game.php?id=1870096"]
[Date "2026.3.5"]
[Round "1"]
[White "pomar"]
[Black "EdsonEstevam"]
[Result "0-1"]
[WhiteElo "1924"]
[BlackElo "1768"]

1. f3 d5 2. Kf2 e5 3. e3 Nc6 4. d4 exd4 5. exd4 Nf6 6. Ne2 Bd7 7. Ng3 Bd6 8. Ne2
O-O 9. Bf4 Bxf4 10. Nxf4 Re8 11. Bb5 a6 12. Ba4 b5 13. Bb3 Bf5 14. c3 Qd6 15. g3
Ne7 16. Kg2 Ng6 17. Nxg6 Bxg6 18. Nd2 Re3 19. Nf1 Re7 20. h4 Rae8 21. Kf2 a5 22.
a4 b4 23. Nh2 Qa6 24. Ng4 Nxg4+ 25. fxg4 Re2+ 26. Kf3 R8e3+ 27. Kf4 Qf6# 0-1

[Event "AUTO-ADV-4922"]
[Site "http://www.queenalice.com/game.php?id=1870097"]
[Date "2026.3.5"]
[Round "1"]
[White "EdsonEstevam"]
[Black "pomar"]
[Result "0-1"]
[WhiteElo "1768"]
[BlackElo "1918"]

1. e4 e6 2. Nf3 c5 3. Nc3 Nc6 4. Bb5 a6 5. Bxc6 bxc6 6. e5 d5 7. d4 Qb6 8. Ng5
h6 9. Nf3 cxd4 10. Na4 Qa5+ 11. Nc3 dxc3 12. b3 Qb5 13. Nd4 Qb6 14. Be3 c5 15.
Ne2 d4 16. Bf4 Bb7 17. f3 Ne7 18. O-O Ng6 19. Bg3 Be7 20. a4 a5 21. Rb1 Ba6 22.
Re1 Rd8 23. Qc1 O-O 24. Bf4 Rd5 25. Ng3 d3 26. Be3 d2 27. Qd1 dxe1=Q+ 28. Qxe1
Qb4 29. h3 Rxe5 30. Rd1 Bh4 31. Kh2 f5 32. Rd6 f4 33. Ne4 Bxe1 0-1

[Event "AUTO-ADV-4922"]
[Site "http://www.queenalice.com/game.php?id=1870098"]
[Date "2026.3.5"]
[Round "1"]
[White "pomar"]
[Black "Connor"]
[Result "1-0"]
[WhiteElo "1899"]
[BlackElo "1918"]

1. f3 d5 2. Kf2 e6 3. e3 c5 4. d4 Nc6 5. a3 Nf6 6. dxc5 Bxc5 7. Bb5 Bd7 8. Nc3
a6 9. Bxc6 Bxc6 10. Nge2 Nd7 11. g3 Qf6 12. Rf1 Ne5 13. Nf4 Ng6 14. Kg2 Nxf4+
15. exf4 Rd8 16. Re1 O-O 17. Bd2 Bd6 18. Na2 Rfe8 19. Bc3 Qg6 20. Be5 Bxe5 21.
Rxe5 f6 22. Re2 e5 23. fxe5 Rxe5 24. c3 Rde8 25. Rxe5 fxe5 26. Nb4 e4 27. Nxd5
exf3+ 28. Qxf3 Qc2+ 29. Qf2 Bxd5+ 30. Kg1 Qxf2+ 31. Kxf2 Bc4 32. Re1 Rxe1 33.
Kxe1 b5 34. Kd2 Bb3 35. Kd3 Kf7 36. Kd4 a5 37. Kc5 Bc4 38. a4 1-0

[Event "AUTO-ADV-4922"]
[Site "http://www.queenalice.com/game.php?id=1870099"]
[Date "2026.3.5"]
[Round "1"]
[White "Connor"]
[Black "pomar"]
[Result "1-0"]
[WhiteElo "1881"]
[BlackElo "1942"]

1. d4 e6 2. c4 d5 3. e3 Nf6 4. Nf3 Bb4+ 5. Bd2 Nc6 6. Bxb4 Nxb4 7. Nc3 O-O 8. a3
Nc6 9. c5 a6 10. b4 Re8 11. Bd3 e5 12. dxe5 Nxe5 13. Be2 Be6 14. Nxe5 c6 15. Ng4
Nxg4 16. Bxg4 Qf6 17. Rc1 Rad8 18. Bxe6 Rxe6 19. O-O Rde8 20. Ne2 Re4 21. Nd4
Qg6 22. Qf3 R8e5 23. Ne2 Rh4 24. Nf4 Qg5 25. Rfd1 Qh6 26. h3 Rf5 27. Qg3 Rg5 28.
Qh2 Rf5 29. Nxd5 cxd5 30. Qb8# 1-0

[Event "AUTO-MASTER-3298"]
[Site "http://www.queenalice.com/game.php?id=1870383"]
[Date "2026.3.12"]
[Round "1"]
[White "Capixaba789"]
[Black "pomar"]
[Result "0-1"]
[WhiteElo "1916"]
[BlackElo "1928"]

1. d4 e6 2. e4 d5 3. exd5 Qxd5 4. c3 Nc6 5. Be3 Nf6 6. Qa4 Bd7 7. Qc2 a6 8. Nf3
Be7 9. Bd3 h6 10. a4 Na5 11. Na3 Qc6 12. O-O Qxa4 13. Qe2 Nb3 14. Bc2 O-O 15.
Nc4 Qxa1 16. Rxa1 Nxa1 17. Bd3 a5 18. Nfe5 a4 19. Qf3 b5 20. Nxd7 Nxd7 21. Qg3
bxc4 22. Bxh6 Bf6 23. Be4 Ra5 24. Be3 c5 25. h3 cxd4 26. Bxd4 e5 27. Be3 Nc5 28.
Bxc5 Rb8 29. Bd6 Rxb2 30. Bxe5 Bxe5 31. Qg4 f5 32. Bxf5 a3 33. Qg6 Kf8 34. g4
Nb3 35. Be6 Ra7 36. Qh7 a2 37. Qg8+ Ke7 38. Qf7+ Kd6 39. Qxa7 a1=Q+ 40. Qxa1
Nxa1 0-1

[Event "AUTO-MASTER-3298"]
[Site "http://www.queenalice.com/game.php?id=1870384"]
[Date "2026.3.12"]
[Round "1"]
[White "pomar"]
[Black "Capixaba789"]
[Result "1-0"]
[WhiteElo "1926"]
[BlackElo "1916"]

1. f3 e5 2. Kf2 f5 3. e3 d5 4. d4 exd4 5. Qxd4 Nf6 6. Bd3 Be7 7. Ne2 Be6 8. Qe5
Bf7 9. Bxf5 O-O 10. Be6 Kh8 11. Bxf7 Rxf7 12. Qe6 Qf8 13. Rf1 Nc6 14. Nbc3 Rd8
15. Nf4 Rd6 16. Qh3 d4 17. Ng6+ 1-0